| 000 | 00809 a2200289 4500 | ||
|---|---|---|---|
| 999 |
_c71835 _d9265 |
||
| 001 | 71835 | ||
| 003 | TR-AnTOB | ||
| 005 | 20230620150721.0 | ||
| 008 | 110119s1058 tu 000 0 | ||
| 035 | _a71835 | ||
| 040 |
_aTR-AnTOB _beng _cTR-AnTOB _erda |
||
| 041 | _ager | ||
| 050 |
_aHG151. _bE5 1958 |
||
| 090 | _aREF HG151. E5 1958 | ||
| 245 | 0 |
_aEnzyklopadisches lexikon für das geld-,bank-und börsenwesen / _cM.Palyi, P. Quittner. |
|
| 264 | 1 |
_aFrankfurt am Main: _bF. Knapp, _cc1958. |
|
| 300 |
_a2. v.; _c27cm. |
||
| 500 | _aBand I A-H -- Band II I-Z. | ||
| 650 | 0 |
_aBanks and banking _vDictionaries _xGerman _947081 |
|
| 700 |
_aPalyi, M. _947079 |
||
| 700 |
_aQuittner, P. _947080 |
||
| 902 | _a0022522, 0022523 | ||
| 903 | _aMerkez Kütüphane. | ||
| 942 |
_cREF _2lcc |
||
| 945 | _aGA, kntrl | ||